Evolución (Record no. 179084)

MARC details
000 -LEADER
campo de control de longitud fija 00859nam a2200241 4500
001 - NÚMERO DE CONTROL
campo de control 179084
003 - IDENTIFICADOR DE NÚMERO DE CONTROL
campo de control ES-MaACL
005 - FECHA Y HORA DE LA ÚLTIMA TRANSACCIÓN
campo de control 20240129115659.0
008 - DATOS DE LONGITUD FIJA--INFORMACIÓN GENERAL
campo de control de longitud fija 110906s2009 sp adfo |||| | spa d
020 ## - NÚMERO INTERNACIONAL ESTÁNDAR DEL LIBRO
Número Internacional Estándar del Libro 978-84-670-3143-0
080 ## - NÚMERO DE LA CLASIFICACIÓN DECIMAL UNIVERSAL
Número de la Clasificación Decimal Universal 575.8
100 1# - ENTRADA PRINCIPAL--NOMBRE DE PERSONA
Nombre de persona Dawkins, Richard.
9 (RLIN) 43008
245 10 - MENCIÓN DEL TÍTULO
Título Evolución
Resto del título : el mayor espectáculo sobre la Tierra /
Mención de responsabilidad, etc. Richard Dawkins ; traducción de Jesús Fabregat.
260 ## - PUBLICACIÓN, DISTRIBUCIÓN, ETC.
Lugar de publicación, distribución, etc. Pozuelo de Alarcón (Madrid) :
Nombre del editor, distribuidor, etc. Espasa Calpe,
Fecha de publicación, distribución, etc. [2009]
300 ## - DESCRIPCIÓN FÍSICA
Extensión 430 p., [32] p. de lám. de fot. col. :
Otras características físicas il., gráf. ;
Dimensiones 23 cm.
500 ## - NOTA GENERAL
Nota general Índices.
504 ## - NOTA DE BIBLIOGRAFÍA, ETC.
Nota de bibliografía, etc. Bibliografía: p. 397-406.
650 #7 - PUNTO DE ACCESO ADICIONAL DE MATERIA--TÉRMINO DE MATERIA
Término de materia o nombre geográfico como elemento de entrada Evolución.
9 (RLIN) 12625
700 1# - ENTRADA AGREGADA--NOMBRE PERSONAL
Nombre de persona Fabregat, Jesús.
9 (RLIN) 147843
852 ## - LOCALIZACIÓN
Ubicación ES-MaACL
itemnumber 185953
Número de control de estantería A-11468
Sublocalización o colección R.145890
Signatura antigua Olim: N-4472
Ubicación en estantería Depósito 1
942 ## - ELEMENTOS DE ENTRADA SECUNDARIOS (KOHA)
Fuente del sistema de clasificación o colocación Clasificación decimal universal
Tipo de ítem Koha Libro impreso
Holdings
Estatus retirado Estado de pérdida Fuente del sistema de clasificación o colocación Estado de daño No para préstamo Biblioteca de origen Biblioteca actual Ubicación en estantería Fecha de adquisición Fuente de adquisición Total de préstamos Signatura topográfica completa Código de barras Visto por última vez Precio de reemplazo Tipo de ítem Koha
    Clasificación decimal universal     Biblioteca del Ateneo de Madrid Biblioteca del Ateneo de Madrid Sala Pecera Depósito 2 06/09/2011 Compra   N-4472 1188117 23/02/2023 23/02/2023 Libro impreso